9 US States with Flat Rate Income Tax - Statistics

General Stats
  • This quiz has been taken 49 times
  • The average score is 4 of 9
Answer Stats
Flat Rate % Answer % Correct
3.23 Indiana
54%
4.95 Utah
54%
4.95 Illinois
42%
5.00 Kentucky
42%
4.25 Michigan
42%
4.99 North Carolina
42%
4.55 Colorado
38%
5.00 Massachusetts
27%
3.07 Pennsylvania
23%
No matching quizzes found
Score Distribution
Percent of People with Each Score
Percentile by Number Answered
Your Score History
You have not taken this quiz